000 00281nam a22001217a 4500
020 _a9780471757139
082 _a621.384
100 _aROGER L. FREEMAN
245 _aRADIO SYSTEM DESIGN FOR TELECOMMUNICATIONS
260 _aUSA
_bJOHN WILEY & SONS
_c2007
300 _a880
942 _cBK
999 _c23248
_d23248